[Event "Challenge"]
[Site "http://www.queenalice.com/game.php?id=376628"]
[Date "2008.3.25"]
[Round "-"]
[White "borja"]
[Black "wortman23"]
[Result "1-0"]
[WhiteElo "1563"]
[BlackElo "1446"]

1. e4 e5 2. Nf3 Nf6 3. Bc4 Nc6 4. d4 Bb4+ 5. c3 Ba5 6. d5 Ne7 7. Qb3 c6 8. dxc6
bxc6 9. Bxf7+ Kf8 10. Ng5 d5 11. Be6 1-0

[Event "Challenge"]
[Site "http://www.queenalice.com/game.php?id=376629"]
[Date "2008.3.25"]
[Round "-"]
[White "borja"]
[Black "wortman23"]
[Result "0-1"]
[WhiteElo "1490"]
[BlackElo "1446"]

1. e4 e5 2. Nf3 Nf6 3. Nxe5 Nxe4 4. Qf3 Ng5 5. Qb3 d5 6. c4 d4 7. d3 Qe7 8. c5
Be6 9. Qxb7 Bd5 10. Qxd5 c6 11. Bxg5 f6 12. Be2 cxd5 0-1

[Event "Challenge"]
[Site "http://www.queenalice.com/game.php?id=410376"]
[Date "2008.5.30"]
[Round "-"]
[White "smcneil"]
[Black "wortman23"]
[Result "1-0"]
[WhiteElo "1775"]
[BlackElo "1447"]

1. e4 e5 2. Nf3 d6 3. d4 Nc6 4. d5 Nd4 5. Nxd4 exd4 6. Qxd4 c5 7. Qd1 Nf6 8. Nc3
Bg4 9. f3 Bh5 10. g4 Bg6 11. h4 Qa5 12. h5 1-0

[Event "Challenge"]
[Site "http://www.queenalice.com/game.php?id=410377"]
[Date "2008.5.30"]
[Round "-"]
[White "wortman23"]
[Black "smcneil"]
[Result "0-1"]
[WhiteElo "1450"]
[BlackElo "1782"]

1. d4 c5 2. e3 b6 3. Bb5 Bb7 4. Nc3 Bxg2 5. dxc5 bxc5 6. Nf3 Bxh1 7. Ng1 Nf6 8.
Be2 e6 9. b3 Bd6 10. Nb5 Be5 0-1

[Event "Challenge"]
[Site "http://www.queenalice.com/game.php?id=472151"]
[Date "2008.10.3"]
[Round "-"]
[White "wortman23"]
[Black "smcneil"]
[Result "0-1"]
[WhiteElo "1471"]
[BlackElo "1734"]

1. e4 c5 2. Nf3 b6 3. d4 Bb7 4. d5 g6 5. e5 Bg7 6. b3 d6 7. Bb5+ Nd7 8. Bg5 Nh6
9. exd6 Nf5 10. dxe7 Qc8 11. O-O Bxa1 12. Ne5 Bxe5 13. c4 a6 14. Bxd7+ Qxd7 15.
Re1 f6 16. Bd2 Qxe7 17. f4 Bd4+ 18. Kh1 Ne3 19. Qe2 O-O 20. Bxe3 Bxe3 21. d6 Qe4
22. Qxe3 Qxg2# 0-1

[Event "AUTO-INT-1088"]
[Site "http://www.queenalice.com/game.php?id=486340"]
[Date "2008.11.1"]
[Round "1"]
[White "PedroBritto"]
[Black "wortman23"]
[Result "1-0"]
[WhiteElo "1481"]
[BlackElo "1450"]

1. e4 e5 2. d4 d5 3. exd5 Qxd5 4. dxe5 Qxe5+ 5. Ne2 Bg4 6. f3 Bh5 7. Bf4 Qa5+ 8.
Bd2 Qe5 9. f4 Qe4 10. Nc3 Qc4 11. b3 Qe6 12. h3 Bc5 13. Nb5 Qd7 14. c4 Qe7 15.
Qc2 Nf6 16. f5 c6 17. Nc3 Na6 18. O-O-O Ba3+ 19. Kb1 O-O-O 20. Re1 Nb4 21. Qd1
Nd3 22. Na4 Nxe1 23. Qxe1 Bb4 24. Bxb4 c5 25. Bxc5 1-0

[Event "AUTO-INT-1088"]
[Site "http://www.queenalice.com/game.php?id=486341"]
[Date "2008.11.1"]
[Round "1"]
[White "wortman23"]
[Black "PedroBritto"]
[Result "0-1"]
[WhiteElo "1466"]
[BlackElo "1465"]

1. e4 e5 2. Nf3 Nc6 3. Nc3 Nf6 4. Bc4 Na5 5. d3 Bc5 6. Nxe5 Ng4 7. Nxg4 Qh4 8.
O-O d5 9. exd5 Bd6 10. Re1+ Kd8 11. b4 Bxg4 12. Ne2 Qxh2+ 13. Kf1 Qh1+ 14. Ng1
Bxd1 15. Rxd1 Bxb4 16. c3 Bxc3 17. Rb1 Qh5 18. f3 Nxc4 19. g4 Qxd5 20. Ne2 Qxf3+
21. Kg1 Qxe2 22. dxc4+ Qxd1+ 0-1

[Event "AUTO-INT-1088"]
[Site "http://www.queenalice.com/game.php?id=486346"]
[Date "2008.11.1"]
[Round "1"]
[White "backnine"]
[Black "wortman23"]
[Result "1-0"]
[WhiteElo "1588"]
[BlackElo "1435"]

1. e4 e5 2. Nf3 Nf6 3. d3 Bb4+ 4. c3 Ba5 5. g3 Nc6 6. Bg2 d5 7. Qe2 dxe4 8. dxe4
O-O 9. O-O Qd6 10. Bg5 Bg4 11. Qe3 h6 12. Bh4 g5 13. Bxg5 hxg5 14. Nxg5 Qd1 15.
Rxd1 Bxd1 16. Bf3 1-0

[Event "AUTO-INT-1088"]
[Site "http://www.queenalice.com/game.php?id=486347"]
[Date "2008.11.1"]
[Round "1"]
[White "wortman23"]
[Black "backnine"]
[Result "0-1"]
[WhiteElo "1425"]
[BlackElo "1598"]

1. e4 e5 2. Nf3 d6 3. d4 Qe7 4. Bb5+ c6 5. Ba4 b5 6. Bb3 Nf6 7. dxe5 dxe5 8. O-O
Nxe4 9. Re1 Bf5 10. g4 Nxf2 11. Kxf2 Qc5+ 12. Re3 Bxg4 13. Kg3 Be6 14. Nxe5 Bd6
15. Bxe6 fxe6 16. b3 Bxe5+ 17. Kf2 O-O+ 18. Ke2 Bxa1 0-1

[Event "Challenge"]
[Site "http://www.queenalice.com/game.php?id=788474"]
[Date "2010.6.11"]
[Round "-"]
[White "smcneil"]
[Black "wortman23"]
[Result "1-0"]
[WhiteElo "1747"]
[BlackElo "1433"]

1. e4 e5 2. d4 Qf6 3. d5 Bc5 4. Qf3 Qb6 5. Nh3 d6 6. a3 Na6 7. Bd3 Nf6 8. O-O
O-O 9. Bg5 Bg4 10. Qg3 Bxh3 11. Bxf6 Qxb2 12. Qxg7# 1-0

[Event "AUTO-INT-1725"]
[Site "http://www.queenalice.com/game.php?id=788674"]
[Date "2010.6.11"]
[Round "1"]
[White "wortman23"]
[Black "Koukin"]
[Result "0-1"]
[WhiteElo "1381"]
[BlackElo "1445"]

1. e4 e5 2. Nf3 d6 3. h3 Nf6 4. Nc3 c6 5. d4 exd4 6. Nxd4 c5 7. Ndb5 a6 8. Nd5
Nxd5 9. exd5 Bd7 10. h4 axb5 11. Bf4 b4 12. Bg5 Be7 13. Bxe7 Qxe7+ 14. Be2 O-O
15. g3 Bf5 16. a4 Nd7 17. O-O Ne5 18. Bb5 Ng4 19. Re1 Ne5 20. f4 Ng6 21. Rxe7
Nxe7 0-1

[Event "AUTO-INT-1725"]
[Site "http://www.queenalice.com/game.php?id=788675"]
[Date "2010.6.11"]
[Round "1"]
[White "Koukin"]
[Black "wortman23"]
[Result "1-0"]
[WhiteElo "1458"]
[BlackElo "1368"]

1. e4 e5 2. Nf3 Bc5 3. Nxe5 f6 4. Nc4 d5 5. e5 dxc4 6. Bxc4 Nh6 7. h3 Bf5 8. a3
fxe5 9. d3 Nc6 10. Nc3 Nd4 11. O-O c6 12. Na4 Qa5 13. Nxc5 Qxc5 14. c3 Nb5 15.
Bxh6 gxh6 16. Re1 O-O-O 17. Re2 e4 18. Re3 Rhg8 19. a4 Nd6 20. d4 1-0

[Event "AUTO-INT-1725"]
[Site "http://www.queenalice.com/game.php?id=788676"]
[Date "2010.6.11"]
[Round "1"]
[White "wortman23"]
[Black "Severynnas"]
[Result "0-1"]
[WhiteElo "1430"]
[BlackElo "1340"]

1. e4 Nf6 2. Nc3 e5 3. Nf3 Be7 4. Bc4 O-O 5. Nxe5 Bd6 6. Nxf7 Qe7 7. d3 Rxf7 8.
Bxf7+ Qxf7 9. Nd5 Nc6 10. Nxc7 Bxc7 11. O-O d6 12. Re1 Nb4 13. a3 Nc6 14. Re3
Ne5 15. d4 Neg4 16. Rc3 Nxe4 17. f3 Nef6 18. fxg4 Ba5 19. b4 Bxg4 20. Qe1 Re8
0-1

[Event "AUTO-INT-1725"]
[Site "http://www.queenalice.com/game.php?id=788677"]
[Date "2010.6.11"]
[Round "1"]
[White "Severynnas"]
[Black "wortman23"]
[Result "1-0"]
[WhiteElo "1510"]
[BlackElo "1392"]

1. d4 Nc6 2. c3 d5 3. Nf3 e6 4. Bf4 Nf6 5. e3 Ne4 6. Bd3 Be7 7. O-O Bh4 8. Bxe4
dxe4 9. Qe1 exf3 10. g3 Bf6 11. a4 O-O 12. Nd2 e5 13. Bxe5 Nxe5 14. dxe5 Bxe5
15. Nxf3 Bh3 16. Kh1 Bxf1 17. Qxf1 Qd5 18. Qg2 Rfe8 19. h4 Rad8 20. Nxe5 Qxe5
21. Qxb7 Rb8 22. Qxa7 Qe4+ 23. Kg1 Qc2 24. Qxc7 Qxb2 25. Rd1 1-0

[Event "AUTO-INT-1725"]
[Site "http://www.queenalice.com/game.php?id=788678"]
[Date "2010.6.11"]
[Round "1"]
[White "wortman23"]
[Black "ditommaso"]
[Result "0-1"]
[WhiteElo "1353"]
[BlackElo "1687"]

1. e4 e5 2. Nf3 Nc6 3. Nc3 Bb4 4. a3 Bxc3 5. bxc3 d6 6. Bb5 Bg4 7. Bxc6+ Bd7 8.
Bxb7 Rb8 9. Bd5 Qf6 10. d4 Bg4 11. Bg5 Qg6 12. Bc6+ Kf8 13. dxe5 Bxf3 14. gxf3
Qxg5 15. Ke2 Ne7 16. Rg1 Qxe5 17. Bd7 Qxc3 18. Rb1 Rd8 19. Rb3 Qc4+ 20. Qd3
Qxd3+ 21. cxd3 g6 22. Ba4 Kg7 23. Rc1 c5 24. Rcb1 f5 25. Rb7 Kf6 26. Rxa7 Ra8
27. Rbb7 Rxa7 28. Rxa7 Rb8 29. Ra6 Rb2+ 30. Ke1 Ra2 0-1

[Event "AUTO-INT-1725"]
[Site "http://www.queenalice.com/game.php?id=788679"]
[Date "2010.6.11"]
[Round "1"]
[White "ditommaso"]
[Black "wortman23"]
[Result "1-0"]
[WhiteElo "1684"]
[BlackElo "1356"]

1. e4 e5 2. Bc4 Nc6 3. Qf3 Nh6 4. d3 Nd4 5. Qd1 d6 6. Bxh6 gxh6 7. c3 Nc6 8. Qf3
f6 9. Bb5 a6 10. Bxc6+ bxc6 11. c4 Rg8 12. Ne2 Bg4 13. Qg3 f5 14. exf5 Qg5 15.
h3 Bxe2 16. Kxe2 Qxg3 17. fxg3 Rxg3 18. Nc3 Rb8 19. b3 Rxg2+ 20. Kf3 Rc2 21.
Rac1 Rxc1 22. Rxc1 h5 23. Ne4 Bh6 24. Rg1 Kf7 25. c5 d5 26. Ng5+ Bxg5 27. Rxg5
Rg8 28. Rxh5 e4+ 29. dxe4 dxe4+ 30. Kxe4 Re8+ 31. Kf4 Re7 32. Rxh7+ Kf6 33. Rxe7
1-0

[Event "Challenge"]
[Site "http://www.queenalice.com/game.php?id=806805"]
[Date "2010.7.22"]
[Round "-"]
[White "wortman23"]
[Black "Pabl"]
[Result "0-1"]
[WhiteElo "1410"]
[BlackElo "1351"]

1. d4 d6 2. e4 f5 3. exf5 Bxf5 4. Nc3 Nf6 5. Bb5+ c6 6. Bc4 d5 7. Bb3 Na6 8. Nf3
Nb4 9. a3 e6 10. axb4 Bxb4 0-1